LEADER 01115nam a2200253 i 4500 001 991001426529707536 008 020 $a351100859X 035 $ab1337073x-39ule_inst 040 $aDip.to di Studi Storici$bita 082 04$a945.803 100 1 $aCohn, Willy$0154209 245 14$aDie Geschichte der sizilischen Flotte, 1060-1266 :$bvereinigter Neudruck dreier Abhandlungen aus den Jahren 1910-1926 mit Anhang: Die Basler Konzilsflotte des Jahres 1437. Die Bedeutung der Seemacht in der Geschichte /$cvon Willy Cohn 250 $arist. anastatica di varie edizioni 260 $aAalen :$bScientia,$c1978 300 $ap. varia ;$c20 cm 440 0$aHistorische untersuchungen 650 4$aNormanni$xItalia meridionale$ySec.11.-12. 907 $a.b1337073x$b27-11-14$c18-01-06 912 $a991001426529707536 945 $aLE023 945.803 COH 1 1$g1$i2023000080818$lle023$o-$pE72.00$q-$rl$s- $t0$u1$v3$w1$x0$y.i14183031$z24-01-06 996 $aGeschichte der sizilischen Flotte 1060-1266$9612172 997 $aUNISALENTO 998 $ale023$b - - $cm$da $e-$fger$gde $h4$i0